[Event "Olimpiade 2014 - Open"]
[Site "Tromsø"]
[Date "12.08.2014"]
[Round "10.18"]
[Board "2"]
[White "Al-Sayed, Mohammed"]
[Black "Rozentalis, Eduardas"]
[Result "0-1"]
[WhiteTitle "GM"]
[BlackTitle "GM"]
[WhiteElo "2505"]
[BlackElo "2606"]
[WhiteTeam "Qatar"]
[BlackTeam "Lithuania"]
[WhiteFideId "12100196"]
[BlackFideId "12800023"]
[EventDate "2014.08.02"]

1. Nf3 b6 2. e4 Bb7 3. Bd3 d6 4. O-O Nd7 5. Re1 Ngf6 6. c3 g6 7. Bc2 Bg7 8. d4
O-O 9. Nbd2 e5 10. Nf1 Nh5 11. Bg5 Qe8 12. Ba4 f6 13. Be3 Kh8 14. d5 Qc8 15. Ng3
Nxg3 16. hxg3 Nc5 17. Bc2 Qg4 18. Nd2 Qxd1 19. Rexd1 a5 20. b4 axb4 21. cxb4 Na4
22. Rdc1 Nc3 23. Bd3 Nxa2 24. Rxc7 Nxb4 25. Rxa8 Bxa8 26. Bb5 f5 27. f3 fxe4 28.
fxe4 Bxd5 29. exd5 Nxd5 30. Rxg7 Kxg7 31. Bf2 Nc3 32. Bd3 b5 33. Bb6 Rc8 34. g4
d5 35. g5 b4 36. Ba5 e4 37. Ba6 Rb8 38. Nb3 e3 39. Nd4 Ra8 40. Bxb4 Na2 41. Bb7
Rb8 42. Ne6+ Kh8 43. Bc5 Rxb7 44. Bxe3 Re7 45. Bd4+ Kg8 46. Nc5 Nb4 47. Kf2 Kf7 0-1

[Event "Olimpiade 2014 - Open"]
[Site "Tromsø"]
[Date "12.08.2014"]
[Round "10.18"]
[Board "3"]
[White "Laurusas, Tomas"]
[Black "Zhu, Chen"]
[Result "1/2-1/2"]
[WhiteTitle "IM"]
[BlackTitle "GM"]
[WhiteElo "2435"]
[BlackElo "2461"]
[WhiteTeam "Lithuania"]
[BlackTeam "Qatar"]
[WhiteFideId "12803731"]
[BlackFideId "8600546"]
[EventDate "2014.08.02"]

1. d4 d5 2. c4 c6 3. Nf3 Nf6 4. Qb3 dxc4 5. Qxc4 Bg4 6. Nbd2 Nbd7 7. h3 Bh5 8.
g3 Qa5 9. Bg2 Nb6 10. Qc2 Bg6 11. Qd1 Rd8 12. O-O e6 13. Ne5 Rxd4 14. Nb3 Rxd1
15. Nxa5 Rxf1+ 16. Kxf1 Nfd7 17. Nxg6 hxg6 18. Nxb7 Nd5 19. Bd2 Nb8 20. e4 Nb6
21. Bf4 N8d7 22. Rc1 e5 23. Be3 Nb8 24. a4 Be7 25. a5 Nc8 26. f4 Kd7 27. fxe5 g5
28. Nd6 Nxd6 29. exd6 Bxd6 30. Bxa7 Bxg3 31. e5 Bxe5 32. Bxb8 Bxb8 33. Rxc6 Rh6
34. Rc2 Rf6+ 35. Ke2 Ba7 36. Bf3 Rf4 37. Rc3 Rb4 38. b3 Bd4 39. a6 Ba7 40. Bd5
f5 41. Bc4 Rb6 42. Kf3 Rd6 43. Bd3 Kd8 44. b4 g4+ 45. hxg4 fxg4+ 46. Kg2 Rf6 47.
Rc2 Rf3 48. Be2 Rf4 49. b5 g5 50. Bd3 Rb4 51. Bf5 Rxb5 52. Rc8+ Ke7 53. Rc7+ Kd6
54. Rd7+ Kc6 55. Rf7 Rb2+ 56. Kg3 Bf2+ 57. Kxg4 Ra2 58. Be6 Ra4+ 59. Kh5 Kd6 60.
Bb3 Ra3 61. Bc4 Be3 62. Rf3 Kc5 63. Be2 Kd4 64. Rf7 Ke5 65. Kg4 Ra4+ 66. Kg3 Ra3
67. Rf3 Kd4 68. Kg4 Ra2 69. Bf1 Ra1 70. Rf7 Kd5 71. Rf5+ Ke4 72. Bg2+ Kd4 73.
Rf7 Rxa6 74. Rd7+ Kc5 75. Rd5+ Kb4 76. Rd3 1/2-1/2

[Event "Olimpiade 2014 - Open"]
[Site "Tromsø"]
[Date "12.08.2014"]
[Round "10.18"]
[Board "4"]
[White "Nezad, Husein Aziz"]
[Black "Pileckis, Emilis"]
[Result "1-0"]
[WhiteTitle "IM"]
[BlackTitle "IM"]
[WhiteElo "2365"]
[BlackElo "2447"]
[WhiteTeam "Qatar"]
[BlackTeam "Lithuania"]
[WhiteFideId "12100293"]
[BlackFideId "12802476"]
[EventDate "2014.08.02"]

1. d4 Nf6 2. c4 e6 3. Nf3 b6 4. g3 Ba6 5. b3 Bb4+ 6. Bd2 Be7 7. Bg2 c6 8. Bc3 d5
9. Nbd2 Nbd7 10. Qc2 O-O 11. e4 c5 12. exd5 exd5 13. O-O Rc8 14. Rfe1 b5 15.
dxc5 dxc4 16. c6 Nc5 17. bxc4 bxc4 18. Ne5 Nd5 19. Ndxc4 Nxc3 20. Qxc3 Qc7 21.
Nd7 Bxc4 22. Rxe7 Qd6 23. Nxc5 1-0

[Event "Olimpiade 2014 - Open"]
[Site "Tromsø"]
[Date "12.08.2014"]
[Round "10.19"]
[Board "1"]
[White "Cuartas, Jaime Alexander"]
[Black "Urkedal, Frode"]
[Result "1/2-1/2"]
[WhiteTitle "GM"]
[BlackTitle "IM"]
[WhiteElo "2489"]
[BlackElo "2500"]
[WhiteTeam "Colombia"]
[BlackTeam "Norway 2"]
[WhiteFideId "4401190"]
[BlackFideId "1506102"]
[EventDate "2014.08.02"]

1. e4 e5 2. Nf3 d6 3. d4 exd4 4. Qxd4 Nf6 5. Bg5 Be7 6. Nc3 O-O 7. O-O-O Nc6 8.
Qd2 Be6 9. Kb1 Re8 10. Bb5 a6 11. Bxc6 bxc6 12. e5 Nd5 13. Bxe7 Qxe7 14. Rhe1
Nxc3+ 15. Qxc3 c5 16. exd6 cxd6 17. Qd2 Rad8 18. Ng5 Qd7 19. Nxe6 Rxe6 20. Rxe6
Qxe6 21. Re1 Qf6 22. b3 g6 23. Qe3 Kg7 24. f4 h5 25. g3 a5 26. Qe4 Rb8 27. Rd1
Rb4 28. Qd5 Rb6 29. Qe4 Rb4 30. Qd5 Rb6 31. Qe4 Rb4 1/2-1/2

[Event "Olimpiade 2014 - Open"]
[Site "Tromsø"]
[Date "12.08.2014"]
[Round "10.19"]
[Board "2"]
[White "Elsness, Frode"]
[Black "Ruiz C, Joshua D"]
[Result "0-1"]
[WhiteTitle "IM"]
[BlackTitle "IM"]
[WhiteElo "2477"]
[BlackElo "2382"]
[WhiteTeam "Norway 2"]
[BlackTeam "Colombia"]
[WhiteFideId "1501100"]
[BlackFideId "4400704"]
[EventDate "2014.08.02"]

1. d4 Nf6 2. c4 e6 3. Nf3 b6 4. g3 Ba6 5. Qa4 c5 6. Bg2 Bb7 7. dxc5 bxc5 8. O-O
Qb6 9. Nc3 Be7 10. Rd1 O-O 11. Bf4 d6 12. Rab1 Na6 13. a3 Rac8 14. Rd2 h6 15. h3
Rfd8 16. g4 d5 17. cxd5 exd5 18. e3 d4 19. exd4 Bxf3 20. Bxf3 cxd4 21. Na2 Nc5
22. Qd1 Ne6 23. Be5 Rc5 24. Bxf6 Bxf6 25. Nb4 Bg5 26. Nd3 Bxd2 27. Nxc5 Qxc5 28.
Qxd2 d3 29. Be4 Qd4 30. Bg2 Nf4 31. Qe3 d2 32. Qxd4 Rxd4 33. Rd1 Ne2+ 34. Kf1
Nc1 35. Ba8 g6 36. f3 f5 37. gxf5 gxf5 38. Kf2 Kf7 39. b4 f4 40. b5 Na2 0-1

[Event "Olimpiade 2014 - Open"]
[Site "Tromsø"]
[Date "12.08.2014"]
[Round "10.19"]
[Board "3"]
[White "Martinez Romero, Martin"]
[Black "Tari, Aryan"]
[Result "0-1"]
[WhiteTitle "IM"]
[BlackTitle "IM"]
[WhiteElo "2387"]
[BlackElo "2440"]
[WhiteTeam "Colombia"]
[BlackTeam "Norway 2"]
[WhiteFideId "4404025"]
[BlackFideId "1510045"]
[EventDate "2014.08.02"]

1. e4 c5 2. Nf3 e6 3. d4 cxd4 4. Nxd4 a6 5. Bd3 Nf6 6. O-O e5 7. Ne2 Nc6 8. Nbc3
Bc5 9. Bg5 h6 10. Bxf6 Qxf6 11. Nd5 Qd8 12. Kh1 O-O 13. Ng3 d6 14. f4 exf4 15.
Rxf4 Bd4 16. Nf5 Bxb2 17. Rb1 Be5 18. Rg4 h5 19. Rxg7+ Bxg7 20. Qxh5 Re8 21. g4
Ne5 22. g5 Bxf5 23. exf5 Nxd3 24. g6 fxg6 25. fxg6 Re1+ 26. Rxe1 Nxe1 27. Qe2
Qg5 0-1

[Event "Olimpiade 2014 - Open"]
[Site "Tromsø"]
[Date "12.08.2014"]
[Round "10.19"]
[Board "4"]
[White "Salomon, Johan"]
[Black "Sanchez, Sebastian Felipe"]
[Result "1/2-1/2"]
[BlackTitle "IM"]
[WhiteElo "2353"]
[BlackElo "2391"]
[WhiteTeam "Norway 2"]
[BlackTeam "Colombia"]
[WhiteFideId "1509500"]
[BlackFideId "4403304"]
[EventDate "2014.08.02"]

1. c4 e6 2. g3 d5 3. Bg2 Nf6 4. Nf3 dxc4 5. Qa4+ Nbd7 6. Qxc4 a6 7. Qc2 c5 8. a4
b6 9. O-O Bb7 10. d3 Bd6 11. Na3 O-O 12. Bd2 h6 13. Nc4 Be7 14. e4 b5 15. Na5
Qb6 16. Nxb7 Qxb7 17. h3 c4 18. dxc4 bxc4 19. e5 Nd5 20. Qxc4 Qxb2 21. Rfb1 Nxe5
22. Qxd5 Nxf3+ 23. Qxf3 Qxd2 24. Rd1 Qb2 25. Rdb1 Qf6 26. Qxa8 Rxa8 27. Bxa8 Bc5
28. Ra2 a5 29. Kg2 Qd4 30. Rc2 f5 31. Rb5 Bb4 32. Re2 Kf7 33. Rbe5 Qd7 34. Rxe6
Qxe6 35. Rxe6 Kxe6 36. Bc6 Kd6 37. Bb5 g5 38. g4 f4 39. f3 Ke5 40. Kf2 Kd4 41.
Ke2 Kc3 42. Be8 1/2-1/2

[Event "Olimpiade 2014 - Open"]
[Site "Tromsø"]
[Date "12.08.2014"]
[Round "10.20"]
[Board "1"]
[White "Gonzalez Zamora, Juan Carlos"]
[Black "Megaranto, Susanto"]
[Result "0-1"]
[WhiteTitle "GM"]
[BlackTitle "GM"]
[WhiteElo "2544"]
[BlackElo "2527"]
[WhiteTeam "Mexico"]
[BlackTeam "Indonesia"]
[WhiteFideId "3507548"]
[BlackFideId "7101384"]
[EventDate "2014.08.02"]

1. d4 d5 2. Nf3 c6 3. c4 Nf6 4. e3 Bf5 5. Nc3 e6 6. Bd3 Bg6 7. O-O Nbd7 8. b3
Bd6 9. Bb2 O-O 10. Bxg6 hxg6 11. Qc2 Bb4 12. Nd2 Re8 13. a3 Bxc3 14. Bxc3 e5 15.
cxd5 Nxd5 16. Bb2 exd4 17. Bxd4 Qh4 18. Rae1 N7f6 19. f3 Nh5 20. Ne4 Qe7 21. Qc1
Rad8 22. Nf2 b6 23. b4 Qc7 24. Qc4 Re6 25. Nd3 Qe7 26. e4 Ndf4 27. Nxf4 Nxf4 28.
Be3 g5 29. Rd1 Red6 30. Qc2 Ne6 31. Rxd6 Qxd6 32. Rc1 Qd3 33. Qxd3 Rxd3 34. Kf2
Rxa3 35. Rxc6 Ra2+ 36. Kg3 Rb2 37. Rc4 Kh7 38. e5 Re2 39. Rc3 Kg6 40. Ra3 Kf5
41. b5 Kg6 42. Kh3 Rb2 43. Kg3 Rxb5 44. Rxa7 Rb3 45. Kf2 Rb2+ 46. Kf1 b5 47. Rb7
b4 48. g4 b3 49. Ke1 Rb1+ 50. Kf2 b2 51. Bd2 Nc5 52. Rb6+ Kh7 53. e6 fxe6 54.
Bxg5 Rh1 0-1

[Event "Olimpiade 2014 - Open"]
[Site "Tromsø"]
[Date "12.08.2014"]
[Round "10.20"]
[Board "2"]
[White "Farid, Firman Syah"]
[Black "Leon Hoyos, Manuel"]
[Result "0-1"]
[WhiteTitle "IM"]
[BlackTitle "GM"]
[WhiteElo "2400"]
[BlackElo "2517"]
[WhiteTeam "Indonesia"]
[BlackTeam "Mexico"]
[WhiteFideId "7102526"]
[BlackFideId "5105269"]
[EventDate "2014.08.02"]

1. d4 Nf6 2. Nf3 g6 3. g3 Bg7 4. Bg2 O-O 5. O-O c5 6. d5 d6 7. c4 e6 8. Nc3 exd5
9. cxd5 Re8 10. Bf4 Na6 11. Re1 Bg4 12. h3 Bxf3 13. Bxf3 Nc7 14. e4 Bf8 15. Qb3
b5 16. a4 bxa4 17. Qxa4 Nd7 18. e5 dxe5 19. d6 Ne6 20. Bxa8 exf4 21. Bc6 fxg3
22. fxg3 Nd4 23. Bxd7 Rxe1+ 24. Rxe1 Nf3+ 25. Kf2 Nxe1 26. Kxe1 Bxd6 27. Ne4 Qe7
28. Kd1 Bxg3 29. Qc6 Be5 30. Kc2 Bd4 31. Qd5 a5 32. Bb5 Kg7 33. Bc4 f5 34. Nd6
Kf6 35. h4 a4 36. Bb5 Qe6 37. Ne8+ Ke7 38. Qb7+ Kf8 39. Qf3 Qe5 40. Qg2 c4 41.
Bxa4 Bxb2 42. Qd2 Ba3 43. Qc3 Qe2+ 44. Qd2 Qe4+ 45. Kc3 Qxh4 46. Bb5 Be7 47. Qd4
Qh3+ 48. Kxc4 Qf1+ 49. Qd3 Qe1 50. Qc3 Qe6+ 51. Kd3 Qe4+ 0-1

[Event "Olimpiade 2014 - Open"]
[Site "Tromsø"]
[Date "12.08.2014"]
[Round "10.20"]
[Board "4"]
[White "Priasmoro, Novendra"]
[Black "Ibarra Chami, Luis Fernando"]
[Result "1/2-1/2"]
[BlackTitle "IM"]
[WhiteElo "2250"]
[BlackElo "2467"]
[WhiteTeam "Indonesia"]
[BlackTeam "Mexico"]
[WhiteFideId "7105029"]
[BlackFideId "5105048"]
[EventDate "2014.08.02"]

1. e4 c5 2. Nf3 d6 3. d4 cxd4 4. Nxd4 Nf6 5. Nc3 Bd7 6. Bc4 e6 7. O-O Be7 8. Bb3
Na6 9. f4 O-O 10. e5 Ne8 11. Ne4 Qc7 12. f5 exf5 13. e6 fxe4 14. exf7+ Kh8 15.
fxe8=Q Raxe8 16. Bf7 Rc8 17. Be3 Qa5 18. Nb3 Qe5 19. c3 Bg5 20. Bd4 Qe7 21. Qh5
Be8 22. Rf5 Rxf7 23. Qxg5 Qxg5 24. Rxg5 b6 25. Rf1 Rxf1+ 26. Kxf1 Rc7 27. Nd2
Re7 28. Nc4 h6 29. Rf5 Bf7 30. Nxd6 Bxa2 31. Re5 Rxe5 32. Bxe5 Nc5 33. Bd4 Nd3
34. c4 Kg8 35. Ke2 Nb4 36. Bc3 Nc6 37. Ke3 g6 38. Kxe4 Kf8 39. Bf6 Ne7 40. Bxe7+
Kxe7 41. Kd5 Kd7 42. Nb5 a6 43. Nc3 Bb3 44. Kd4 Kc6 45. Nd5 b5 46. Nb4+ Kb6 47.
c5+ Kb7 48. Nd3 a5 49. Ne5 g5 50. g3 Be6 51. Nf3 Kc6 52. Ne5+ Kc7 53. Nf3 Bg8
54. Ne5 b4 55. Nd3 Kc6 56. h4 gxh4 57. gxh4 Kb5 58. Ne5 Be6 59. c6 a4 60. c7 b3
61. Kc3 Kb6 62. c8=Q Bxc8 63. Kb4 Be6 64. Kxa4 Kc5 65. Nd3+ Kd4 66. Nc1 Ke4 67.
Nxb3 Kf4 68. Nc5 Bd5 69. Nd3+ Kg4 70. Kb4 Kxh4 71. Kc5 Bb7 72. Kd4 Kg3 73. Ke3
h5 74. Nf4 h4 75. b4 Bc6 76. Nh5+ Kg2 77. Nf4+ Kf1 78. Nh3 Bd7 79. Nf4 Bc6 80.
Nh3 1/2-1/2

[Event "Olimpiade 2014 - Open"]
[Site "Tromsø"]
[Date "12.08.2014"]
[Round "10.21"]
[Board "1"]
[White "Zhang, Zhong"]
[Black "Granda Zuniga, Julio E"]
[Result "0-1"]
[WhiteTitle "GM"]
[BlackTitle "GM"]
[WhiteElo "2611"]
[BlackElo "2663"]
[WhiteTeam "Singapore"]
[BlackTeam "Peru"]
[WhiteFideId "8600694"]
[BlackFideId "3800024"]
[EventDate "2014.08.02"]

1. e4 c5 2. Nf3 d6 3. d4 cxd4 4. Qxd4 Nc6 5. Bb5 e6 6. O-O Ne7 7. c4 a6 8. Bxc6+
Nxc6 9. Qc3 Bd7 10. Bf4 e5 11. Be3 Be7 12. Qd3 O-O 13. Nc3 f5 14. exf5 Bxf5 15.
Qd2 Qe8 16. Ne1 Qg6 17. Rd1 Rae8 18. f3 h5 19. Nd5 Bd8 20. Nd3 h4 21. Nf2 Re6
22. b4 Qe8 23. Ne4 h3 24. g3 Nd4 25. Qd3 b5 26. cxb5 axb5 27. Rc1 Bg6 28. Bxd4
exd4 29. Rce1 Re5 30. Nf4 d5 31. Nxg6 Qxg6 32. Nc5 Qxd3 33. Nxd3 Rxe1 34. Nxe1
Re8 35. Nd3 Re3 36. Nf4 d3 37. Rd1 Bb6 38. Kf1 Rxf3+ 39. Ke1 Bf2+ 40. Kd2 Be3+
41. Kc3 d4+ 42. Kb3 Bxf4 43. gxf4 Kf7 44. a4 d2+ 45. Ka2 bxa4 46. Rxd2 Rxf4 47.
Ka3 Ke6 48. b5 Kd5 49. Rb2 Kc5 50. Kxa4 d3+ 51. Ka5 Rd4 52. Rd2 Rd8 53. Ka6 Kc4 0-1

[Event "Olimpiade 2014 - Open"]
[Site "Tromsø"]
[Date "12.08.2014"]
[Round "10.21"]
[Board "2"]
[White "Cordova, Emilio"]
[Black "Goh, Wei Ming Kevin"]
[Result "1-0"]
[WhiteTitle "GM"]
[BlackTitle "IM"]
[WhiteElo "2629"]
[BlackElo "2433"]
[WhiteTeam "Peru"]
[BlackTeam "Singapore"]
[WhiteFideId "3801497"]
[BlackFideId "5800706"]
[EventDate "2014.08.02"]

1. Nf3 Nf6 2. c4 g6 3. b4 Bg7 4. Bb2 O-O 5. e3 d6 6. Be2 e5 7. O-O Re8 8. Nc3 c6
9. d4 e4 10. Nd2 d5 11. Rc1 Be6 12. a4 a6 13. a5 Bf8 14. Qb3 Bd6 15. Na4 Bg4 16.
f3 exf3 17. Bxf3 Nbd7 18. h3 Bf5 19. cxd5 cxd5 20. Nc5 Nxc5 21. dxc5 Be5 22.
Bxe5 Rxe5 23. c6 bxc6 24. Rxc6 Qe7 25. Qc3 Re6 26. Rxe6 Qxe6 27. Nb3 Re8 28. Nc5
Qd6 29. Qd4 Ne4 30. Bxe4 Bxe4 31. Qf6 Qc7 32. Nxa6 Qa7 33. Nc5 Rb8 34. h4 h5 35.
Qe5 Bf5 36. Rxf5 gxf5 37. Nd7 Rd8 38. Nf6+ Kf8 39. Nxh5 d4 40. Qh8+ Ke7 1-0

[Event "Olimpiade 2014 - Open"]
[Site "Tromsø"]
[Date "12.08.2014"]
[Round "10.21"]
[Board "3"]
[White "Gong, Qianyun"]
[Black "Cori, Jorge"]
[Result "0-1"]
[WhiteTitle "WIM"]
[BlackTitle "GM"]
[WhiteElo "2328"]
[BlackElo "2630"]
[WhiteTeam "Singapore"]
[BlackTeam "Peru"]
[WhiteFideId "8602425"]
[BlackFideId "3802272"]
[EventDate "2014.08.02"]

1. e4 c5 2. Nf3 e6 3. d3 Nc6 4. g3 g6 5. Bg2 Bg7 6. O-O Nge7 7. c3 d5 8. Qe2 O-O
9. Re1 e5 10. exd5 Nxd5 11. Na3 Bf5 12. Nh4 Be6 13. Nc4 Re8 14. a4 Qd7 15. Nf3
h6 16. Qf1 Qc7 17. Nfd2 Rad8 18. Ne4 b6 19. f3 f5 20. Nf2 a6 21. Ne3 Nf6 22. g4
Na5 23. Bh3 f4 24. Ned1 Nb3 25. Rb1 c4 26. d4 g5 27. Rxe5 Bf7 28. Rxe8+ Rxe8 29.
Bg2 Bg6 30. Ne4 Nxe4 31. fxe4 Bxe4 32. Bxe4 Rxe4 33. Nf2 Re6 34. Qd1 Qe7 35. Kf1
Bf8 36. Bd2 Qh7 37. Be1 Bd6 38. Nh3 Re3 39. Ng1 Qe4 40. Kf2 Kg7 41. Nf3 h5 42.
Nd2 Qh1 43. Nf1 Rd3 0-1

[Event "Olimpiade 2014 - Open"]
[Site "Tromsø"]
[Date "12.08.2014"]
[Round "10.21"]
[Board "4"]
[White "Cruz, Cristhian"]
[Black "Tin, Jingyao"]
[Result "1-0"]
[WhiteTitle "GM"]
[BlackTitle "FM"]
[WhiteElo "2553"]
[BlackElo "2251"]
[WhiteTeam "Peru"]
[BlackTeam "Singapore"]
[WhiteFideId "3801969"]
[BlackFideId "5804418"]
[EventDate "2014.08.02"]

1. d4 Nf6 2. c4 e6 3. Nc3 Bb4 4. e3 O-O 5. Ne2 d5 6. a3 Be7 7. cxd5 exd5 8. Ng3
Re8 9. Bd3 b6 10. O-O Bb7 11. b4 c6 12. Bb2 Nbd7 13. Rc1 Bf8 14. Re1 g6 15. Rc2
Bg7 16. Rce2 Nf8 17. Bb1 Ne6 18. Rd2 Qc7 19. Ba2 Rad8 20. a4 h5 21. h3 Ng5 22.
b5 Qd7 23. bxc6 Bxc6 24. f3 h4 25. Nf1 Nh5 26. Bb3 Bf6 27. Bc2 Ng3 28. Nxg3 hxg3
29. f4 Ne4 30. Bxe4 dxe4 31. d5 Bb7 32. Qa1 Ba6 33. d6 Bxc3 34. Bxc3 Bd3 35. Bh8
f5 36. Be5 Rc8 37. Rc1 Rxc1+ 38. Qxc1 Re6 39. Qe1 Rxd6 40. Bxd6 Qxd6 41. Qxg3
Kf7 42. Rd1 Qa3 43. Qe1 Qxa4 44. Rc1 b5 45. Rc7+ Ke6 46. Qc3 Qd1+ 47. Kh2 1-0

[Event "Olimpiade 2014 - Open"]
[Site "Tromsø"]
[Date "12.08.2014"]
[Round "10.23"]
[Board "1"]
[White "Pelletier, Yannick"]
[Black "Lim, Yee-Weng"]
[Result "0-1"]
[WhiteTitle "GM"]
[BlackTitle "IM"]
[WhiteElo "2578"]
[BlackElo "2311"]
[WhiteTeam "Switzerland"]
[BlackTeam "Malaysia"]
[WhiteFideId "1301837"]
[BlackFideId "5700590"]
[EventDate "2014.08.02"]

1. c4 c6 2. e4 d5 3. exd5 cxd5 4. d4 Nf6 5. Nc3 Nc6 6. Bg5 dxc4 7. d5 Na5 8. Nf3
e6 9. Bxf6 gxf6 10. Bxc4 Nxc4 11. Qa4+ Bd7 12. Qxc4 Qb6 13. O-O Qb4 14. Qd3
O-O-O 15. a3 Qf4 16. Rac1 Kb8 17. Nd4 Rg8 18. g3 Bc5 19. Rfd1 Bb6 20. Qf3 Qh6
21. Rc2 e5 22. Nde2 Bg4 23. Qd3 f5 24. Na4 e4 25. Qc3 Bxf2+ 26. Kxf2 Qxh2+ 27.
Ke3 Bxe2 28. Qc7+ Ka8 29. Nc5 Qxg3+ 0-1

[Event "Olimpiade 2014 - Open"]
[Site "Tromsø"]
[Date "12.08.2014"]
[Round "10.23"]
[Board "2"]
[White "Teh, Eu Wen Aron"]
[Black "Hug, Werner"]
[Result "0-1"]
[BlackTitle "IM"]
[WhiteElo "2309"]
[BlackElo "2474"]
[WhiteTeam "Malaysia"]
[BlackTeam "Switzerland"]
[WhiteFideId "5704723"]
[BlackFideId "1300040"]
[EventDate "2014.08.02"]

1. d4 d6 2. c4 e5 3. Nf3 e4 4. Ng5 f5 5. Nc3 Be7 6. Nh3 Nf6 7. g3 O-O 8. Bg2 c5
9. d5 Nbd7 10. O-O Ne5 11. b3 Nh5 12. f3 Bf6 13. Qc2 Qe7 14. Bb2 e3 15. Nd1 f4
16. Nxf4 Nxf4 17. gxf4 Ng6 18. Bxf6 Qxf6 19. Nxe3 Nxf4 20. Ng4 Bxg4 21. fxg4
Qd4+ 22. e3 Qxe3+ 23. Kh1 Nd3 24. h3 Qg3 25. Kg1 Nf4 0-1

[Event "Olimpiade 2014 - Open"]
[Site "Tromsø"]
[Date "12.08.2014"]
[Round "10.23"]
[Board "3"]
[White "Georgiadis, Nico"]
[Black "Fong, Yit San"]
[Result "0-1"]
[WhiteTitle "IM"]
[WhiteElo "2448"]
[BlackElo "2143"]
[WhiteTeam "Switzerland"]
[BlackTeam "Malaysia"]
[WhiteFideId "1300113"]
[BlackFideId "5702640"]
[EventDate "2014.08.02"]

1. e4 c5 2. Nf3 d6 3. d4 cxd4 4. Nxd4 Nf6 5. Nc3 a6 6. Qd3 e5 7. Nf5 g6 8. Ne3
Be6 9. g3 Nbd7 10. Bg2 Rc8 11. O-O b5 12. Rd1 h5 13. h4 Be7 14. b4 Qc7 15. Ncd5
Bxd5 16. exd5 Nb6 17. f4 exf4 18. gxf4 Ng4 19. Nxg4 hxg4 20. Bb2 Rxh4 21. Re1
Kf8 22. a4 Nxa4 23. Bd4 Rh5 24. c4 Qd8 25. cxb5 axb5 26. Qxb5 Bf6 27. Qd3 Nb2
28. Qd2 Nc4 29. Qd3 Nb2 30. Qd2 Rc4 31. Bxf6 Qxf6 32. Ra8+ Kg7 33. Ra2 Qh4 34.
Qxb2+ Kh7 35. Re4 Rxe4 0-1

[Event "Olimpiade 2014 - Open"]
[Site "Tromsø"]
[Date "12.08.2014"]
[Round "10.23"]
[Board "4"]
[White "Nayan, Ahmad Fadzil"]
[Black "Kurmann, Oliver"]
[Result "0-1"]
[BlackTitle "IM"]
[WhiteElo "2121"]
[BlackElo "2423"]
[WhiteTeam "Malaysia"]
[BlackTeam "Switzerland"]
[WhiteFideId "5702615"]
[BlackFideId "1308173"]
[EventDate "2014.08.02"]

1. d4 Nf6 2. c4 e6 3. g3 c5 4. d5 exd5 5. cxd5 d6 6. Nc3 g6 7. Bg2 Bg7 8. Nf3
O-O 9. O-O a6 10. a4 Nbd7 11. Nd2 Re8 12. h3 Rb8 13. a5 b5 14. axb6 Nxb6 15. Nb3
Nc4 16. Ra4 Qb6 17. Rxc4 Qxb3 18. Qxb3 Rxb3 19. Ra4 h6 20. Ra2 g5 21. Kh2 Rb4
22. f4 g4 23. h4 Kh7 24. e4 Nxe4 25. Nxe4 Rbxe4 26. Bxe4+ Rxe4 27. b3 Bb7 28.
Rd2 Bc3 29. Rc2 Bxd5 30. Bb2 Be1 31. f5 Re3 32. Rg1 Bxb3 33. Rc1 Bb4 34. Rg2 d5
35. Ra1 a5 36. Bc1 Re5 37. Bf4 Rxf5 38. Re2 d4 39. Re8 d3 40. Rd8 c4 41. Kg1 a4
42. Rf1 a3 43. Bc1 Rxf1+ 44. Kxf1 a2 45. Bb2 c3 46. Ba1 c2 47. Rh8+ Kg6 0-1

[Event "Olimpiade 2014 - Open"]
[Site "Tromsø"]
[Date "12.08.2014"]
[Round "10.24"]
[Board "1"]
[White "Ghaem Maghami, Ehsan"]
[Black "Amin, Bassem"]
[Result "0-1"]
[WhiteTitle "GM"]
[BlackTitle "GM"]
[WhiteElo "2594"]
[BlackElo "2627"]
[WhiteTeam "Iran"]
[BlackTeam "Egypt"]
[WhiteFideId "12500739"]
[BlackFideId "10601457"]
[EventDate "2014.08.02"]

1. d4 Nf6 2. c4 e6 3. Nf3 Bb4+ 4. Bd2 c5 5. Bxb4 cxb4 6. Qd3 d6 7. a3 Nc6 8.
Nbd2 O-O 9. d5 exd5 10. cxd5 Ne7 11. g3 bxa3 12. bxa3 Nexd5 13. Bg2 Nc7 14. O-O
d5 15. Rfc1 b6 16. Nd4 Ba6 17. Qf5 Re8 18. Nc6 Qd6 19. e4 dxe4 20. Nxe4 Nxe4 21.
Bxe4 g6 22. Qf3 Bb7 23. Ne7+ Rxe7 24. Bxb7 Rb8 25. Rd1 Qe5 26. Bd5 Kg7 27. Bc4
b5 28. Bb3 Rb6 29. Rac1 Rf6 30. Qc3 Qxc3 31. Rxc3 Ne8 32. Kf1 h5 33. Rd5 a6 34.
a4 Nd6 35. Rc6 Ne4 36. Rxf6 Nxf6 37. Rd1 b4 38. a5 Re5 39. Rd4 Rb5 40. Ba4 Rb7
41. Bb3 Rb5 42. Ba4 Rxa5 43. Rxb4 Nd5 44. Rd4 Nc3 45. Be8 Re5 46. Rd8 g5 47. Ra8
a5 48. Bc6 Rc5 49. Be8 g4 50. Ra7 Rf5 51. Bd7 Re5 52. h3 Re7 53. hxg4 hxg4 54.
Rxa5 Rxd7 55. Rg5+ Kf6 56. Rxg4 Ke5 57. Rg5+ Ke6 58. Rg4 Rd2 59. Rc4 Nd5 60.
Re4+ Kf5 61. Re8 Nc3 62. Re7 f6 63. Re3 Ne4 64. Rf3+ Kg5 65. Rf4 f5 66. Kg2 Nc5
67. Kg1 Nd3 0-1

[Event "Olimpiade 2014 - Open"]
[Site "Tromsø"]
[Date "12.08.2014"]
[Round "10.24"]
[Board "2"]
[White "Ezat, Mohamed"]
[Black "Moradiabadi, Elshan"]
[Result "0-1"]
[WhiteTitle "IM"]
[BlackTitle "GM"]
[WhiteElo "2466"]
[BlackElo "2598"]
[WhiteTeam "Egypt"]
[BlackTeam "Iran"]
[WhiteFideId "10600906"]
[BlackFideId "12501255"]
[EventDate "2014.08.02"]

1. d4 d5 2. Nf3 Nf6 3. c4 dxc4 4. g3 Nc6 5. Bg2 e5 6. Qa4 Bd7 7. Qxc4 Be6 8. Qa4
e4 9. Ng5 Qxd4 10. Qc2 Nb4 11. Qa4+ Qd7 12. Qxd7+ Bxd7 13. Na3 Bc6 14. O-O h6
15. Nh3 Bc5 16. Bd2 O-O-O 17. Rfd1 Rhe8 18. e3 g5 19. Nc4 Bd5 20. b3 Bxc4 21.
bxc4 Nd3 22. Bc3 Ng4 23. Bf1 Nge5 24. Bxe5 Nxe5 25. Be2 Rxd1+ 26. Rxd1 Rd8 27.
Rxd8+ Kxd8 28. Kf1 Kd7 29. Ng1 Kd6 30. h3 f5 31. f4 Nc6 32. Bh5 Bxe3 33. Ne2
gxf4 34. gxf4 Kc5 35. Bf7 Na5 36. Be6 Nxc4 37. Bxf5 Bxf4 38. Bc8 Be5 39. Bxb7
Nd6 40. Ba8 c6 41. Nc1 Kb6 42. Nb3 Bc3 43. a4 a5 44. Ke2 Nc4 45. h4 h5 46. Kf2
Kc7 47. Kg3 Nb6 48. Kf4 Nxa8 49. Kxe4 Nb6 50. Nc5 Be1 51. Ne6+ Kd6 52. Ng7 Nxa4
53. Nf5+ Kc5 54. Kd3 Nb2+ 55. Kc2 Nc4 56. Kb3 Nd6 57. Ng7 Bxh4 58. Nxh5 Kb5 59.
Nf4 a4+ 60. Ka3 Nc4+ 61. Ka2 Bf6 62. Nd3 Ne3 63. Ne1 Nd5 64. Ka3 Be7+ 65. Kb2 c5
66. Nc2 Bf6+ 67. Ka3 Bc3 0-1